[Event "Chess24 Legends of Chess"]
[Site "Online"]
[Date "2020.07.18"]
[Round "3.2"]
[White "Nepomniachtchi, Ian"]
[Black "Giri, Anish"]
[Result "1-0"]
[WhiteElo "2778"]
[BlackElo "2731"]
[Annotator "TA"]
[PlyCount "55"]
[EventDate "2020.07.21"]
[EventType "tourn"]
[SourceTitle "playchess.com"]
[Source "ChessBase"]
[SourceQuality "1"]

{[%evp 12,55,33,13,27,-1,0,0,28,0,0,-41,-34,-34,-22,-54,-65,-77,-52,-73,-54,-114,-71,-89,-81,-230,-212,-208,-120,-405,-211,-333,-183,-164,-179,-163,-39,-39,428,420,29983,29984,29984,29985,29989,1713]} 1. e4 c5 2. Nf3 d6 3. d4 cxd4 4. Nxd4 Nf6 5. Nc3 a6 6. h3 e5 7. Nb3 (7. Nde2 h5 8. g3 Be7 9. Bg2 b5 10. Nd5 Nxd5 11. Qxd5 Ra7 12. Qd2 Nd7 13. a4 Rb7 14. axb5 axb5 15. O-O {½-½ (32) Nepomniachtchi,I (2775)-Giri,A (2779) Paris 2019}) 7... Be7 {B90: Sicilian Najdorf: Unusual White 6th moves, 6 Be3 Ng4 and 6 Be3 e5.} 8. f4 O-O {[#]} 9. g4 $146 ({Predecessor:} 9. Be3 b5 10. Qf3 Bb7 11. Bd3 exf4 12. Bxf4 Qd7 13. O-O d5 14. exd5 b4 15. Ne4 Bxd5 {½-½ (29) Pommerenke,K (1480)-Schamber,D (1548) Magdeburg 2014}) 9... exf4 {The position is equal.} 10. Bxf4 d5 11. e5 Nfd7 $1 12. Qxd5 Bh4+ 13. Ke2 Nc6 14. Bg2 Ncxe5 15. Raf1 Ng6 16. Bd2 ({White should try} 16. Be3 $15) 16... Rb8 $17 17. Kd1 b5 {...Bb7 is the strong threat.} 18. Qh5 (18. Qd4 $17 {might work better.}) 18... Nde5 19. Kc1 Nc4 (19... b4 $1 $19 {[%cal Rb4c3]} 20. Nd5 Be6) 20. Be4 $2 {[%mdl 8192]} (20. Rd1 $17 {was called for.}) 20... Be6 (20... Nxd2 $142 21. Nxd2 b4) 21. Rd1 (21. Bf4 $142 b4 22. Bxb8 bxc3 23. Ba7 (23. bxc3 $2 Qe7 $19) 23... cxb2+ 24. Kb1) 21... Nxd2 (21... b4 $142 22. Na4 Nxd2 23. Nxd2 Bxa2) 22. Nxd2 $19 {aiming for Nf3.} Bg5 23. h4 Bf6 (23... Be3 $19 {And now ...Qd4 would win.} 24. Rhe1 Qd4) 24. Nf3 $15 Qa5 $2 {[%mdl 8192]} (24... Qc8 $15 {keeps the upper hand.} 25. Ng5 h6 26. Nxe6 Qxe6 27. Qxg6 fxg6) 25. Ng5 $18 {[%csl Gg5][%cal Rh5h7]} Rfc8 (25... h6 $18) 26. Qxh7+ {White mates.} Kf8 27. Nxe6+ fxe6 {[#]} 28. Bxg6 {What a bad dream for Black. Accuracy: White = 40%, Black = 43%.} (28. Rhf1 $142 $1 Nf4 29. Rxf4 Qc7 30. Rdf1 Qxf4+ 31. Rxf4 Ke7 {[#]} 32. Rxf6 $1 {[%mdl 512]} Kxf6 33. g5+ Ke7 34. Qxg7+ Kd6 35. h5) 1-0

[Event "Chess24 Legends of Chess"]
[Site "Online"]
[Date "2020.07.18"]
[Round "3.2"]
[White "Kramnik, Vladimir"]
[Black "Anand, Viswanathan"]
[Result "1-0"]
[WhiteElo "2756"]
[BlackElo "2751"]
[Annotator "TA"]
[PlyCount "63"]
[EventDate "2020.07.21"]
[EventType "tourn"]
[SourceTitle "playchess.com"]
[Source "ChessBase"]
[SourceQuality "1"]

{[%evp 13,63,15,26,0,0,0,0,0,0,0,23,22,25,12,36,43,22,0,0,0,0,0,34,22,49,50,46,35,54,31,65,52,100,94,149,121,166,166,160,135,257,247,599,612,598,548,1128,1126,1116,1098,1624,1562]} 1. Nf3 d5 2. g3 c5 3. Bg2 Nf6 4. O-O g6 5. c4 Bg7 6. Nc3 O-O 7. d3 Nc6 {7...d4 is the modern continuation.} 8. Bf4 {A38: Symmetrical English vs ...g6: 4 Bg2 Bg7 5 Nf3 Nf6.} d4 9. Na4 $1 Nd7 10. a3 {The position is equal.} e5 11. Bg5 {[#]} f6 $146 ({Predecessor:} 11... Qc7 12. b4 cxb4 13. axb4 Nxb4 14. Be7 a5 15. c5 Re8 16. Bd6 Qd8 17. Nd2 Bf8 {0-1 (40) Grischuk,A (2775)-Anand,V (2767) Stavanger 2019}) 12. Bd2 Rb8 13. b4 Qe7 14. bxc5 f5 15. e3 dxe3 $1 16. Bxe3 f4 17. Bd2 g5 18. Re1 {Strongly threatening gxf4.} g4 {aiming for ...fxg3.} 19. Nh4 f3 20. Bf1 Qf7 21. Be3 Nf6 22. Nc3 {[%cal Ba4c3,Bc3b5,Bb5d6][%mdl 32]} Rd8 23. Nb5 Bf8 ({Black should play} 23... Qh5) 24. Qc1 $16 a6 {[#]} 25. Nd6 $1 {[%cal Rd6f7][%mdl 512]} Bxd6 26. cxd6 Rxd6 {[#]} (26... Be6 $16) 27. d4 $1 $18 {[%cal Rd4e5][%mdl 512]} Nxd4 $2 (27... exd4 {is a better chance.} 28. Bf4 Rd8) 28. Bxd4 {White is clearly winning.} exd4 29. Qf4 Qc7 {[#] If Black can now play ...b5 this consolidates a bit.} 30. c5 $1 {[%mdl 512]} Rc6 (30... Qxc5 31. Rac1) 31. Bc4+ Kf8 32. Re5 {Accuracy: White = 95%, Black = 50%.} 1-0

[Event "Chess24 Legends of Chess"]
[Site "Online"]
[Date "2020.07.18"]
[Round "3.2"]
[White "Svidler, Peter"]
[Black "Gelfand, Boris"]
[Result "1/2-1/2"]
[WhiteElo "2742"]
[BlackElo "2702"]
[Annotator "TA"]
[PlyCount "81"]
[EventDate "2020.07.21"]
[EventType "tourn"]
[SourceTitle "playchess.com"]
[Source "ChessBase"]
[SourceQuality "1"]

{[%evp 9,81,0,14,-1,2,0,17,3,13,-16,-10,-10,-14,-14,-8,-75,-60,-50,-56,-75,-72,-68,-70,-127,-125,-111,-62,-96,-96,-87,-58,-93,0,-7,96,46,57,14,31,25,26,29,51,51,49,47,47,44,52,50,46,35,34,37,34,15,34,14,14,16,21,12,12,14,11,8,8,8,8,8,8,8,8,0]} 1. e4 c5 2. Nf3 Nc6 3. Bb5 e6 4. Bxc6 bxc6 5. d3 Qc7 6. Nbd2 {B30: Sicilian: 2...Nc6 3 Bb5, lines without ...g6.} e5 7. O-O {[#]} Ne7 $146 ({Predecessor:} 7... Nf6 8. Re1 Be7 9. Nc4 d6 10. Nh4 g6 11. f4 exf4 12. e5 dxe5 13. Nf3 O-O 14. Nfxe5 {0-1 (48) Jimenez Lopez,A (2123)-Antoli Royo,J (2414) Badajoz 2013}) 8. Nc4 f6 9. Bd2 d5 10. Ba5 Qb8 11. Ne3 Be6 12. b4 (12. Nd2 $11 {keeps the balance.}) 12... d4 $17 13. Nc4 cxb4 14. a3 c5 {[%cal Bc6c5,Bc5b4][%mdl 32]} 15. Nfd2 Nc6 16. axb4 (16. f4 $1 $15) 16... cxb4 17. f4 exf4 18. e5 Nxe5 19. Nxe5 fxe5 20. Qh5+ Bf7 (20... g6 $17 21. Qe2 Bh6 22. Bxb4 a5) 21. Qf3 $1 $11 {[%cal Rf3c6]} Be7 (21... Bd6 $11 22. Qc6+ Ke7) 22. Qc6+ Kf8 23. Nf3 {[#] Nxe5! is the strong threat.} Qe8 (23... Be8 {is interesting.} 24. Qe4 Bg6 25. Qxe5 Qxe5 26. Nxe5 Be8) 24. Nxe5 Qxc6 25. Nxc6 g5 26. Nxe7 Kxe7 27. Bxb4+ Kf6 28. Ra6+ Kg7 29. Be7 {[#] Threatens to win with Bf6+.} Rhc8 30. Bxg5 Rxc2 31. Bh6+ Kh8 $1 32. Rxf4 Bd5 33. Rg4 {And now Bg7+ would win.} Rg8 {The position is equal.} 34. Bg5 {Threatening mate with Bf6+.} Rg6 35. Bf6+ (35. Rxa7 $2 h6 $19) 35... Kg8 $1 36. Rxg6+ hxg6 37. Bxd4 Rxg2+ 38. Kf1 Rxh2 39. Rxg6+ Kf7 40. Rg7+ Ke6 41. Rxa7 {Accuracy: White = 80%, Black = 84%.} 1/2-1/2

[Event "Chess24 Legends of Chess"]
[Site "Online"]
[Date "2020.07.18"]
[Round "3.2"]
[White "Ivanchuk, Vasyl"]
[Black "Ding, Liren"]
[Result "1-0"]
[WhiteElo "2686"]
[BlackElo "2836"]
[Annotator "TA"]
[PlyCount "95"]
[EventDate "2020.07.21"]
[EventType "tourn"]
[SourceTitle "playchess.com"]
[Source "ChessBase"]
[SourceQuality "1"]

{[%evp 10,95,21,-13,-9,-15,-6,-9,0,-3,-8,-12,36,37,34,25,81,7,7,10,7,11,16,25,27,7,43,25,64,35,35,41,40,45,52,39,101,98,98,94,91,52,38,0,85,89,87,81,93,101,232,236,208,211,201,261,303,197,689,679,685,666,795,795,763,281,283,274,287,272,287,287,421,272,272,256,272,272,604,272,272,272,1172,476,29961,29942,5452,2053]} 1. e4 e5 2. Nf3 Nc6 3. d4 exd4 4. Nxd4 Nf6 5. Nxc6 bxc6 6. Nd2 Bc5 {C45: Scotch Game.} 7. Bd3 O-O 8. O-O Re8 {The position is equal.} 9. Nb3 Bb6 {[#]} 10. c4 $146 {Strongly threatening c5.} ({Predecessor:} 10. Qf3 d6 11. h3 Nd7 12. Kh1 Qh4 13. Bf4 Ne5 14. Qg3 Qxg3 15. Bxg3 Nxd3 16. cxd3 {0-1 (31) Carrasco Martinez,J (2391)-Silva Lucena,C (2217) Seville 2020}) 10... a5 ({But not} 10... Nxe4 $6 11. c5 $1 $16 {[%mdl 512]}) 11. c5 Ba7 12. Qc2 $36 {[%mdl 2048] White fights for an advantage.} d5 (12... Ng4 $11) 13. Nxa5 (13. e5 $16 Ng4 14. Bxh7+ Kh8 15. Bf4) 13... dxe4 $11 14. Be2 Qd5 15. Be3 {Threatening Bc4.} Bxc5 16. Bxc5 Rxa5 {[%mdl 64] Double Attack} 17. b4 Ra8 18. a4 {[%mdl 1024] White has compensation.} Qg5 19. Ra3 Nd5 20. Rg3 Qe5 21. Rd1 f6 22. a5 Nf4 ({Black should play} 22... Kh8 $14) 23. Bf1 $1 $16 Bf5 24. Bd4 Qd6 25. Qc3 Kh8 26. a6 Red8 (26... Bc8 $1 $11 {keeps the balance.} 27. Qa1 Bxa6) 27. Rd2 $1 c5 28. Be3 ({Of course not} 28. Qxc5 Qxc5 29. bxc5 Nd3 $15) 28... Nd3 29. b5 Qb6 {[#] Now Black is done in.} (29... Qe7 $16) 30. f3 $1 $18 {[%cal Rf3e4] Hoping for fxe4.} Qxb5 31. fxe4 Bxe4 {[#]} 32. Bh6 $1 {[%cal Rh6g7][%mdl 512]} Bg6 {And now ...c4 would win.} (32... gxh6 33. Qxf6#) 33. Bxd3 c4 $2 (33... Rxd3 34. Rdxd3 Qxa6 35. Bxg7+ Kxg7 36. Rd7+ Kg8 37. Rxc7 Qa1+ 38. Qxa1 Rxa1+ 39. Kf2 Ra2+ 40. Kg1 Ra1+ 41. Kf2 Ra2+ 42. Kf1 Ra1+ 43. Kf2) 34. Bxc4 Qb1+ 35. Bf1 Rxd2 36. Bxd2 Rxa6 {[#]} 37. Qxc7 $2 (37. Rxg6 $1 {[%mdl 512]} hxg6 (37... Qxg6 38. Bxa6) 38. Qh3+ Kg8 39. Qc8+ {[%mdl 64] Double Attack} Kh7 40. Qxa6) 37... Ra8 38. Ra3 Rg8 39. Be3 h6 40. h3 Kh7 (40... Qd1 $142 41. Qf4 Qb1) 41. Bf2 Rf8 42. Rg3 Ra8 {Now ...Ra1 and Black clings on.} 43. Bd4 {Black must now prevent Bxf6.} Kh8 $2 (43... Rf8 44. Ra3 Rf7) 44. Qc3 (44. Kh2 $142) 44... Kh7 45. Re3 Ra2 $2 (45... Re8 46. Rxe8 Bxe8 47. Qd3+ Bg6 48. Qxb1 Bxb1) 46. Bxf6 (46. Re7 $142) 46... Rc2 {[#]} (46... Ra7 $18 47. Re1 Qc2) 47. Re7 $1 {[%mdl 512]} Qb6+ 48. Qd4 {Accuracy: White = 68%, Black = 49%.} 1-0

[Event "Chess24 Legends of Chess"]
[Site "Online"]
[Date "2020.07.18"]
[Round "3.3"]
[White "Ding, Liren"]
[Black "Ivanchuk, Vasyl"]
[Result "1-0"]
[WhiteElo "2836"]
[BlackElo "2686"]
[Annotator "TA"]
[PlyCount "49"]
[EventDate "2020.07.21"]
[EventType "tourn"]
[SourceTitle "playchess.com"]
[Source "ChessBase"]
[SourceQuality "1"]

{[%evp 9,49,37,29,42,33,31,29,9,37,30,21,23,18,18,33,49,111,106,102,81,153,145,154,145,153,139,193,68,48,0,122,106,566,22,361,72,475,467,1115,1092,5335,3265]} 1. d4 Nf6 2. c4 e6 3. g3 c5 4. d5 exd5 5. cxd5 b5 6. e4 {A60: Modern Benoni: Early Divergences.} Nxe4 7. Bg2 Nd6 8. Nf3 {White has an edge.} Be7 9. O-O {[%mdl 1024] White has compensation.} O-O 10. Bf4 Na6 11. Re1 {And now Qe2 would win.} Bb7 12. Nc3 b4 (12... Nc7 $14) 13. Bxd6 $1 $16 Bxd6 14. Ne4 Qc7 (14... Be7 $142) 15. Nfg5 {aiming for Nxh7!} h6 16. Qh5 $1 {[#]} Be5 $146 {Strongly threatening ...Rae8.} (16... Bxd5 $2 17. Nf6+ $1 {[%mdl 512]} Kh8 18. Nxd5 $18) ({Predecessor:} 16... Rae8 17. Nf6+ gxf6 18. Qxh6 fxg5 19. Qxg5+ Kh8 20. Qh6+ Kg8 21. Be4 f5 22. Bxf5 Rxe1+ 23. Rxe1 Rxf5 {1-0 (29) Duzhakov,I (2424)-Davtyan,A (2275) Moscow 2017}) 17. d6 $1 $40 {[%cal Rd6c7][%mdl 128] White has strong attack.} Qb6 (17... Qd8 $16 {keeps fighting.}) 18. Nxf7 (18. Bf1 $1 $18) 18... Rxf7 $14 ({Don't blunder} 18... Bxb2 $2 19. Neg5 $1 $18 {[%mdl 512]}) 19. Qxe5 (19. Bf1 $5 {[%cal Rf1c4]} Raf8 20. Qxe5 $15) 19... c4 (19... Raf8 $11) 20. Bf1 $16 Rc8 $2 {[%mdl 8192] [#]} (20... Bxe4 $16 {is tougher.} 21. Qxe4 {[%mdl 64] Double Attack} Rc8) 21. Rac1 $2 ({Only move:} 21. Bxc4 $1 $18 {[%mdl 512]} Rxc4 22. Qe8+ Kh7 23. Ng5+ $1 {[%mdl 512]} hxg5 24. Qxf7) 21... c3 $2 {[%mdl 8192] [#]} (21... Bxe4 $1 $11 {and Black is okay.} 22. Qxe4 Rxf2) 22. bxc3 $2 (22. Bc4 $1 $18 {[%mdl 512] and the rest is easy.} Rxc4 23. Qe8+ Kh7 24. Qxf7 Rxe4 25. Qf5+ {[%mdl 64] Double Attack} (25. Qxd7 Nc5 $15) 25... Kh8 26. Rxe4 Bxe4 27. Qxe4 Qxd6 28. bxc3) 22... Nc5 $2 {[%mdl 8192]} (22... Bxe4 $16 {is a better chance.} 23. Qxe4 Qxf2+ {[%mdl 64] Double Attack} 24. Kh1 Nc5) 23. cxb4 $18 {White is clearly winning.} Nxe4 (23... Ne6 $142 24. Rxc8+ Bxc8) 24. Rxc8+ Bxc8 25. Qe8+ {[%mdl 64] Double Attack. Accuracy: White = 62%, Black = 28%.} 1-0

[Event "Chess24 Legends of Chess"]
[Site "Online"]
[Date "2020.07.18"]
[Round "3.3"]
[White "Anand, Viswanathan"]
[Black "Kramnik, Vladimir"]
[Result "1/2-1/2"]
[WhiteElo "2751"]
[BlackElo "2756"]
[Annotator "TA"]
[PlyCount "80"]
[EventDate "2020.07.21"]
[EventType "tourn"]
[SourceTitle "playchess.com"]
[Source "ChessBase"]
[SourceQuality "1"]

{[%evp 12,80,31,8,22,20,25,6,27,12,25,22,21,24,29,23,19,18,18,14,19,19,18,18,29,19,22,25,25,18,18,18,19,18,19,12,10,20,33,30,61,18,19,20,12,11,14,0,10,2,4,5,0,0,0,0,0,0,0,0,0,0,0,0,0,0,0,0,0,0,0]} 1. e4 e5 2. Nf3 Nc6 3. Bc4 Bc5 4. O-O Nf6 5. d3 d6 6. c3 h6 7. Re1 O-O {C54: Giuoco Piano: 4 c3 Nf6, main lines with 5 d4 and 5 d3.} 8. Nbd2 a6 9. a4 Ba7 10. h3 Re8 (10... Be6 11. Bxe6 fxe6 12. b4 Nh5 13. Ra2 Nf4 14. Nc4 b5 15. Bxf4 bxc4 16. Be3 Bxe3 17. Rxe3 cxd3 18. Qxd3 Ne7 19. c4 Qb8 20. Qd2 Qb7 21. Ne1 Rad8 22. b5 Ng6 23. Nd3 axb5 24. cxb5 Ra8 25. Nb4 Nf4 26. Nc6 {1-0 (44) Anand,V (2756)-Kramnik,V (2753) Amsterdam 2019}) 11. b4 $1 {The main line 11.b4 scores better than 11.Nf1.} Be6 12. Bxe6 Rxe6 13. Qc2 Qd7 14. Nf1 d5 15. Be3 d4 16. cxd4 Nxd4 17. Bxd4 Bxd4 18. Nxd4 Qxd4 19. Qxc7 Qxd3 {[#]} 20. Rad1 $146 ({Predecessor:} 20. Qxb7 Qd8 21. Red1 Qb8 22. Qxb8+ Rxb8 23. f3 Rxb4 24. Ne3 g6 25. a5 Rb5 26. Rdb1 {½-½ (53) Giri,A (2779)-Aronian,L (2765) Saint Louis 2019}) 20... Qb3 21. Qxb7 Ree8 $1 22. a5 Reb8 23. Qc7 Qxb4 24. Ng3 Rb7 25. Qxe5 Rb5 26. Qf4 Nh5 $1 {[%cal Rh5f4] The position is equal.} 27. Nxh5 Rxh5 28. Re3 Rxa5 29. Rg3 {Hoping for Qxh6.} Rg5 30. Rgd3 {Black must now prevent Rd8+.} Qb8 31. Qxb8+ Rxb8 32. Rd8+ Rxd8 33. Rxd8+ $11 {[%mdl 4096] Endgame KR-KR} Kh7 34. Ra8 Re5 35. Rxa6 Rxe4 36. g3 Re1+ 37. Kg2 Re7 38. h4 h5 39. Rb6 g6 40. Ra6 Rd7 {Accuracy: White = 96%, Black = 100%.} 1/2-1/2

[Event "Chess24 Legends of Chess"]
[Site "Online"]
[Date "2020.07.18"]
[Round "3.3"]
[White "Giri, Anish"]
[Black "Nepomniachtchi, Ian"]
[Result "1/2-1/2"]
[WhiteElo "2731"]
[BlackElo "2778"]
[Annotator "TA"]
[PlyCount "173"]
[EventDate "2020.07.21"]
[EventType "tourn"]
[SourceTitle "playchess.com"]
[Source "ChessBase"]
[SourceQuality "1"]

{[%evp 14,173,10,21,31,15,16,11,20,14,23,10,18,23,24,5,15,6,22,0,4,0,0,0,0,0,31,25,20,30,41,9,9,12,13,0,0,0,20,25,27,26,95,97,90,97,94,76,85,78,84,56,58,18,72,55,53,54,57,57,69,69,69,61,65,61,80,70,135,77,87,65,64,56,84,55,79,79,79,76,72,67,60,38,43,43,43,43,43,42,43,33,35,15,35,8,8,0,8,8,27,0,25,0,8,8,8,8,8,8,8,8,8,8,8,8,8,8,8,0,0,0,8,8,8,8,8,8,8,8,8,8,8,8,8,8,8,0,8,8,8,8,8,8,8,0,8,8,8,8,8,8,8,8,8,0,0,0,8,8,21,0]} 1. d4 Nf6 2. c4 g6 3. Nc3 d5 4. cxd5 Nxd5 5. Bd2 Bg7 6. e4 Nxc3 7. Bxc3 O-O 8. Qd2 Nc6 {[%cal Rc6d4] D85: Exchange Grünfeld: Unusual White 7th moves and lines with 7 Nf3.} 9. Nf3 Bg4 {White should prevent ...Bxf3.} 10. d5 {[#] Strongly threatening Bxg7.} Bxf3 11. Bxg7 Kxg7 12. gxf3 Ne5 13. O-O-O c6 14. Qc3 f6 15. f4 Nf7 16. d6 exd6 17. h4 {[#]} Qb6 $146 ({Predecessor:} 17... d5 18. h5 Qe7 19. exd5 Qe4 20. Rh4 cxd5 21. Bd3 Qf3 22. Qd2 Nd6 23. hxg6 hxg6 {½-½ (36) Biedermann,T (2450)-Chesakov,L (2466) ICCF email 2018}) 18. Qg3 d5 19. exd5 cxd5 20. h5 Rac8+ 21. Kb1 Rfe8 22. hxg6 hxg6 23. Bd3 f5 $1 24. Rdg1 Qf6 25. Qf3 Rh8 (25... Re6 {keeps more tension.} 26. Rh3 Rce8 27. Qxd5 Re1+ 28. Rxe1 Rxe1+ 29. Kc2 Re7) 26. Rxh8 Rxh8 27. Qxd5 Rd8 (27... Rh2 $11) 28. Qxf5 $1 $16 Qxf5 29. Bxf5 {[%mdl 4096] Endgame KRB-KRN} Rd6 30. Be4 b6 31. Kc2 Rf6 32. Kd3 Nd6 33. Rg5 Kf7 (33... Nxe4 $11 {remains equal.} 34. Kxe4 Rc6) 34. Rd5 Ke7 35. Re5+ Kd7 36. Ke2 Rxf4 37. Bxg6 Nc4 38. Rb5 Kc6 39. Rb3 a5 40. Bd3 {And now Bxc4 would win.} Ne5 {[#]} (40... Nd6 $14) 41. Ba6 ({Better is} 41. Ke3 $1 {[%cal Re3f4]} Nxd3 42. Rc3+ (42. Rxd3 Rh4 $16) 42... Kb5 43. Rxd3) 41... Rh4 42. Rc3+ Kd6 43. a3 Nc6 44. Rg3 Nd4+ 45. Kd2 b5 46. Bc8 Rh8 47. Bg4 Rf8 48. Rd3 Ke5 49. Ke3 Nc2+ 50. Ke2 Nd4+ 51. Kf1 b4 52. axb4 axb4 53. Bd1 Ra8 54. Kg2 Ra2 55. Re3+ Kf4 56. Bf3 {Hoping for Re4+.} Kf5 57. b3 Ra5 58. Be2 Re5 {Threatens to win with ...Rxe3.The position is equal.} 59. Bc4 Rxe3 60. fxe3 $11 {KB-KN} Nc6 61. Bd3+ Ke5 62. Kf3 Na5 63. Bc2 Nb7 64. Bh7 Nc5 65. Bg8 Nd3 66. Bh7 Nc5 67. Bc2 Nb7 68. Ke2 Nc5 69. Kd2 Kd5 70. Ke1 Ke5 71. Ke2 Kd5 72. Kf3 Ke5 73. Kf2 Kd5 74. Kg2 Ke5 75. Kf3 Ne6 76. Bd3 $1 Nc5 77. Bc4 Ne4 78. Ke2 Nc5 79. Kf3 Ne4 80. Bg8 $1 Nf6 81. Bf7 Ne4 {aiming for ...Ng5+.} 82. Ke2 Nc5 83. Bg8 Ke4 84. Bh7+ Ke5 85. Bc2 Kd5 86. Kf2 Ke5 87. Kf3 {Accuracy: White = 88%, Black = 89%.} 1/2-1/2

[Event "Chess24 Legends of Chess"]
[Site "Online"]
[Date "2020.07.18"]
[Round "3.3"]
[White "Leko, Peter"]
[Black "Carlsen, Magnus"]
[Result "1/2-1/2"]
[WhiteElo "2710"]
[BlackElo "2881"]
[Annotator "TA"]
[PlyCount "81"]
[EventDate "2020.07.21"]
[EventType "tourn"]
[SourceTitle "playchess.com"]
[Source "ChessBase"]
[SourceQuality "1"]

{[%evp 18,81,11,3,11,0,16,16,22,24,21,17,6,22,17,5,8,13,9,8,8,7,29,24,41,36,39,0,12,10,23,17,41,46,112,102,92,81,127,118,198,184,191,173,344,336,338,324,316,0,8,0,0,0,20,16,20,15,20,14,16,6,8,8,8,9]} 1. d4 d5 2. c4 e6 3. Nc3 c6 4. e3 Nf6 5. Nf3 Nbd7 6. Qc2 Bd6 7. Bd3 dxc4 8. Bxc4 b5 9. Be2 {9.Be2 is better than 9.Bd3.} O-O 10. O-O a6 {D46: Semi-Slav: 5 e3 Nbd7 6 Bd3, Black avoids the Meran.} 11. Ng5 Be7 12. e4 {[#] And now e5 would win.} Ne8 13. Nf3 c5 14. d5 exd5 15. Nxd5 Nef6 16. a4 Nxd5 17. exd5 Bb7 18. Rd1 {[#]} c4 $146 ({Predecessor:} 18... Nf6 19. axb5 axb5 20. Rxa8 Bxa8 21. Nh4 c4 22. Nf5 Re8 23. b3 Bxd5 24. bxc4 Qc8 25. Nxe7+ Rxe7 26. c5 Bc6 27. Bf1 Rd7 28. Re1 h6 29. h3 Qc7 30. Qc3 {½-½ (30) Harabor,M (2373)-Lovakovic,F (2381) ICCF email 2018}) 19. Nd4 Qb6 20. d6 Bf6 21. Be3 {Threatens to win with Ne6!} Ne5 22. Nf5 (22. f4 $5 {[%cal Rf4e5]} Nd3 23. Nf5 $16 (23. Bxd3 cxd3 24. Qc7 Qxc7 $15)) 22... Qc6 {[%csl Gb7][%cal Rc6g2]} 23. Bf1 $36 {[%mdl 2048] White is pushing.} Kh8 24. Ne7 Qd7 25. Nd5 Qxd6 (25... Bd8 $14) 26. Nb6 $16 Qb8 {aiming for ...Ng4!} 27. h3 {[%mdl 1024] White has strong compensation.} (27. Nxa8 Ng4 $11) 27... b4 28. Rac1 ({Much weaker is} 28. Nxc4 $6 Nxc4 29. Bxc4 a5 $11) 28... b3 (28... Bf3 $16 {is a better defense.}) 29. Qf5 $18 Bc8 30. Qf4 Be6 $2 (30... Ng6 {keeps fighting.} 31. Qe4 (31. Qxc4 Be6 $16) 31... Bxb2) 31. Nxa8 Qxa8 {[#]} 32. Bd4 $1 {[%cal Rd4e5]} Qb8 33. Re1 $2 (33. Qe4 $18) 33... Nf3+ $1 $11 {The position is equal.} 34. Qxf3 Bxd4 35. Rxc4 Bxb2 36. Rb1 Bxc4 37. Bxc4 Bd4 {White must now prevent ...b2.} 38. Rxb3 Qe8 39. Bxa6 Qxa4 40. Bf1 g6 41. Rb7 {Blacks defense is rewarded with a draw. Accuracy: White = 92%, Black = 76%.} 1/2-1/2

[Event "Chess24 Legends of Chess"]
[Site "Online"]
[Date "2020.07.18"]
[Round "3.3"]
[White "Gelfand, Boris"]
[Black "Svidler, Peter"]
[Result "0-1"]
[WhiteElo "2702"]
[BlackElo "2742"]
[Annotator "TA"]
[PlyCount "74"]
[EventDate "2020.07.21"]
[EventType "tourn"]
[SourceTitle "playchess.com"]
[Source "ChessBase"]
[SourceQuality "1"]

{[%evp 17,74,0,0,0,0,-5,20,20,21,14,30,21,19,11,39,29,78,86,94,81,86,85,110,78,112,92,84,7,0,-68,-58,-108,-35,-31,-28,-86,-43,-52,-87,-100,-55,-166,-152,-141,-48,-189,-164,-208,-184,-210,-201,-197,-183,-172,-181,-166,-152,-608,-599]} 1. Nf3 Nf6 2. c4 c5 3. Nc3 Nc6 4. d4 cxd4 5. Nxd4 e6 6. g3 Qb6 7. Nb3 Ne5 8. e4 Bb4 9. Qe2 d6 $1 10. Bd2 {is more profitable than 10.f4 at the moment. A33: Symmetrical English: 2 Nf3 Nf6 3 d4 cxd4 4 Nxd4 e6 5 Nc3 Nc6.} O-O 11. Bg2 a5 12. f4 {Hoping for Be3.The position is equal.} Nc6 13. Be3 Qc7 14. O-O {Strongly threatening Nb5.} Bxc3 15. bxc3 {[#]} e5 $146 ({Predecessor:} 15... a4 16. Nd4 Na5 17. c5 Qxc5 18. Rfd1 Qc4 19. Qf3 d5 20. exd5 exd5 21. Bf1 Qxc3 {0-1 (35) Harsha,B (2509)-Kozak,A (2503) chess.com INT 2020}) 16. f5 $36 {[%mdl 2048] White is more active.} b6 17. g4 Ba6 18. g5 Nd7 19. Rf3 Ne7 20. Rh3 $1 {And now Qh5 would win.} Rfc8 ({Don't go for} 20... Bxc4 $2 21. Qh5 $18) 21. Qh5 Nf8 22. f6 ({White should play} 22. Nd2 $16) 22... Neg6 $1 $11 23. fxg7 (23. Bf3 $11) 23... Kxg7 $15 24. c5 bxc5 (24... dxc5 $17 25. Nc1 Kg8) 25. Nd2 Rab8 26. Nf1 (26. Bf1 $11 Bxf1 27. Rxf1) 26... Bxf1 $1 $17 27. Rxf1 Rb2 28. Rg3 Rcb8 29. Rgf3 (29. Qh6+ $15 Kg8 30. h4) 29... Rb1 30. h4 Ne6 (30... R8b2 $17 31. Rxb1 Rxb1+ 32. Kh2 Kg8) 31. Qh6+ {[#]} ({Not} 31. Rxb1 $2 Rxb1+ 32. Kh2 Ngf4 $19) (31. Bh3 $1 $15) 31... Kg8 $1 $19 32. h5 Ngf4 33. g6 fxg6 34. hxg6 Qg7 35. gxh7+ {[#]} Kh8 $1 {[%csl Gf4][%cal Rg7g2][%mdl 512]} 36. Qxg7+ Kxg7 37. Bh3 $2 {[#]} (37. R3f2 $17) 37... Ng5 $1 {[%mdl 64] Double Attack. Accuracy: White = 57%, Black = 75%.} 0-1